000 00645nam a2200229Ia 4500
003 OSt
005 20220928123959.0
006 a|||||r|||| 00| 0
007 ta
008 220927b |||||||| |||| 00| 0 eng d
024 _a46835
037 _cTextual
040 _aSDCL
_cSDCL
_beng
041 _2eng
_aeng
082 _aR3xc, M0
100 _aSorabji Richard
_9394447
245 0 _aNecessity,cause,and blame
_b Perspectives on aristotle's theory.
260 _aNew York
_b Cornell University Press
_c1980
300 _axv,326p.
_ccm.
942 _hR3xc, M0
_cTEXL
_2CC
999 _c775911
_d775911